000 01138naa a22003617a 4500
001 BR7604254
003 BR-BrBNA
005 20240918173927.0
007 ta
008 230509b bl.||||| |||| 00| 0 por d
040 _aBR-BrBNA
_bpor
_cBiblioteca Nacional de Agricultura
041 _a(Pt)
072 _aF00; E70
_b0210
_b3500
_b3575
090 _aF00 BR7604254
100 1 _aWinandy, A.L.P.
245 1 _aProgramas de producao de tuberculos de sementes de batatinha [Solanum tuberosum]
260 3 _aPelotas, RS (Brasil):
_c1976.
500 _aCurso sobre producao e tecnologia de sementes Pelotas, RS (Brasil): 1976. p. 157-169 (BR7604254-AM)F00
650 _aBATATA
650 _aTUBERCULO
650 _aSEMENTE
650 _aPRODUCAO
650 _aARMAZENAGEM
650 _aCLONE
650 _aSELECAO MASSAL
650 _aINSPECAO SANITARIA
650 _aDEFESA VEGETAL
650 _aINFESTACAO
650 _aTRANSPORTE
773 0 _tCurso sobre producao e tecnologia de sementes
_b
_wF00 BR7604254
_gPelotas, RS (Brasil), 1976. p. 157-169
909 _a202404
_bLucia
_c55
_dLucia Elande
942 _cAM
_2AGRIS
999 _c307739
_d307739